Les villes ayant eu un club en Ligue 1 - Statistiques

Statistiques générales
  • Ce quiz a été pris 113 fois
  • Le résultat moyen est 46 sur 72
Statistiques - réponses
Première saison Ville % Correct
1932-1933 Paris
99%
1945-1946 Bordeaux
97%
1945-1946 Lyon
94%
1938-1939 Saint-Étienne
94%
1932-1933 Lille
92%
1945-1946 Strasbourg
92%
1932-1933 Marseille
91%
1963-1964 Nantes
91%
1932-1933 Rennes
91%
1979-1980 Brest
89%
1937-1938 Lens
89%
1932-1933 Nice
89%
1956-1957 Angers
88%
1945-1946 Reims
88%
1946-1947 Toulouse
88%
1980-1981 Auxerre
86%
1932-1933 Montpellier
86%
1988-1989 Caen
84%
1932-1933 Metz
84%
2021-2022 Clermont-Ferrand
83%
1960-1961 Grenoble
83%
1938-1939 Le Havre
83%
1953-1954 Monaco
83%
1946-1947 Nancy
83%
1932-1933 Nîmes
83%
1998-1999 Lorient
82%
2017-2018 Amiens
81%
1967-1968 Ajaccio
79%
1968-1969 Bastia
78%
2011-2012 Dijon
78%
1936-1937 Rouen
77%
1995-1996 Guingamp
76%
2003-2004 Le Mans
76%
1954-1955 Troyes
76%
1932-1933 Cannes
75%
1959-1960 Toulon
74%
1932-1933 Sochaux
73%
1935-1936 Valenciennes
72%
1980-1981 Tours
71%
1955-1956 Sedan
69%
2009-2010 Boulogne-sur-Mer
68%
1975-1976 Avignon
64%
2011-2012 Évian-les-Bains
64%
2010-2011 Arles
62%
1932-1933 Mulhouse
61%
1934-1935 Mulhouse
61%
1976-1977 Laval
59%
1932-1933 Sète
57%
1932-1933 Roubaix
56%
2004-2005 Istres
53%
1987-1988 Niort
50%
1948-1949 Colmar
48%
1945-1946 Tourcoing
48%
1997-1998 Châteauroux
46%
1958-1959 Limoges
46%
2011-2012 Thonon-les-Bains
43%
1995-1996 Gueugnon
39%
1993-1994 Martigues
37%
1969-1970 Angoulême
34%
1957-1958 Béziers
34%
1932-1933 Saint-Ouen-sur-Seine
31%
1932-1933 Alès
27%
2011-2012 Gaillard
27%
1932-1933 Antibes
26%
1932-1933 Hyères
24%
1967-1968 Aix-en-Provence
23%
1932-1933 Montbéliard
19%
1971-1972 Saint-Germain-en-Laye
18%
1946-1947 Grasse
6%
1935-1936 Anzin
4%
1955-1956 Torcy
2%
1954-1955 Sainte-Savine
1%
Aucun quiz correspondant
Distribution des résultats
% des personnes avec chaque résultat
Percentile par nombre de réponses
Votre historique - résultats
Vous n’avez pas pris ce quiz